<?xml version="1.0" encoding="UTF-8"?>
<record
    xmlns:xsi="http://www.w3.org/2001/XMLSchema-instance"
    xsi:schemaLocation="http://www.loc.gov/MARC21/slim http://www.loc.gov/standards/marcxml/schema/MARC21slim.xsd"
    xmlns="http://www.loc.gov/MARC21/slim">

  <leader>00932nam a2200181Ia 4500</leader>
  <controlfield tag="008">100920s9999    xx            000 0 und d</controlfield>
  <datafield tag="082" ind1=" " ind2=" ">
    <subfield code="b">77823</subfield>
    <subfield code="a">891.43 &#x928; 01</subfield>
  </datafield>
  <datafield tag="100" ind1=" " ind2=" ">
    <subfield code="a">&#x91D;&#x93E;&#x930;&#x940; &#x915;&#x943;&#x937;&#x94D;&#x923;&#x926;&#x947;&#x935;.</subfield>
  </datafield>
  <datafield tag="245" ind1=" " ind2=" ">
    <subfield code="a">&#x91A;&#x93E;&#x932;&#x940;&#x938; &#x936;&#x94D;&#x930;&#x947;&#x937;&#x94D;&#x920; - &#x915;&#x939;&#x93E;&#x928;&#x93F;&#x92F;&#x93E;&#x901; &#x92A;&#x94D;&#x930;&#x947;&#x92E;&#x91A;&#x928;&#x94D;&#x926; &#x915;&#x940; &#x91A;&#x941;&#x928;&#x93F;&#x928;&#x94D;&#x926;&#x93E; &#x915;&#x939;&#x93E;&#x928;&#x93F;&#x92F;&#x93E;&#x901;.</subfield>
  </datafield>
  <datafield tag="260" ind1=" " ind2=" ">
    <subfield code="b">&#x932;&#x93F;&#x91F;&#x94D;&#x930;&#x947;&#x938;&#x940; &#x939;&#x93E;&#x90A;&#x938;, &#x928;&#x908; &#x926;&#x93F;&#x932;&#x94D;&#x932;&#x940;.</subfield>
    <subfield code="c">2001</subfield>
  </datafield>
  <datafield tag="300" ind1=" " ind2=" ">
    <subfield code="a">397</subfield>
    <subfield code="b">&#x938;&#x93E;&#x927;&#x940;</subfield>
  </datafield>
  <datafield tag="365" ind1=" " ind2=" ">
    <subfield code="b">400</subfield>
  </datafield>
  <datafield tag="520" ind1=" " ind2=" ">
    <subfield code="a">&#x939;&#x93F;&#x902;&#x926;&#x940;.</subfield>
  </datafield>
  <datafield tag="630" ind1=" " ind2=" ">
    <subfield code="a">&#x91A;&#x93E;&#x932;&#x940;&#x938; &#x936;&#x94D;&#x930;&#x947;&#x937;&#x94D;&#x920; - &#x915;&#x939;&#x93E;&#x928;&#x93F;&#x92F;&#x93E;&#x901; &#x92A;&#x94D;&#x930;&#x947;&#x92E;&#x91A;&#x928;&#x94D;&#x926; &#x915;&#x940; &#x91A;&#x941;&#x928;&#x93F;&#x928;&#x94D;&#x926;&#x93E; &#x915;&#x939;&#x93E;&#x928;&#x93F;&#x92F;&#x93E;&#x901;.</subfield>
  </datafield>
  <datafield tag="650" ind1=" " ind2=" ">
    <subfield code="a">&#x939;&#x93F;&#x902;&#x926;&#x940;.</subfield>
  </datafield>
  <datafield tag="730" ind1=" " ind2=" ">
    <subfield code="a">&#x91A;&#x93E;&#x932;&#x940;&#x938; &#x936;&#x94D;&#x930;&#x947;&#x937;&#x94D;&#x920; - &#x915;&#x939;&#x93E;&#x928;&#x93F;&#x92F;&#x93E;&#x901; &#x92A;&#x94D;&#x930;&#x947;&#x92E;&#x91A;&#x928;&#x94D;&#x926; &#x915;&#x940; &#x91A;&#x941;&#x928;&#x93F;&#x928;&#x94D;&#x926;&#x93E; &#x915;&#x939;&#x93E;&#x928;&#x93F;&#x92F;&#x93E;&#x901;.</subfield>
  </datafield>
  <datafield tag="942" ind1=" " ind2=" ">
    <subfield code="c">BOOK</subfield>
  </datafield>
  <datafield tag="999" ind1=" " ind2=" ">
    <subfield code="c">719068</subfield>
    <subfield code="d">719065</subfield>
  </datafield>
  <datafield tag="952" ind1=" " ind2=" ">
    <subfield code="0">0</subfield>
    <subfield code="1">0</subfield>
    <subfield code="4">0</subfield>
    <subfield code="7">0</subfield>
    <subfield code="a">SATVAC</subfield>
    <subfield code="b">SATVAC</subfield>
    <subfield code="c">891.43 &#x928; 01</subfield>
    <subfield code="d">0000-00-00</subfield>
    <subfield code="g">400.00</subfield>
    <subfield code="l">0</subfield>
    <subfield code="p">SATVAC-77823</subfield>
    <subfield code="r">2010-09-20 00:00:00</subfield>
    <subfield code="w">2010-09-20</subfield>
    <subfield code="y">BOOK</subfield>
    <subfield code="z">&#x926;&#x947;&#x935;&#x918;&#x947;&#x935;</subfield>
  </datafield>
</record>
